000
00245nam a22001097a 4500
999
_c
4390
_d
4390
008
250213b ||||| |||| 00| 0 eng d
020
_a
9788119307210
082
_a
551.6
245
_a
WEATHER
260
_a
MUMBAI,INDIA
_b
A WILCO BOOK
942
_2
ddc